[Event "Niedersachsen-ch op-C"]
[Site "Verden an der Aller"]
[Date "2020.01.04"]
[Round "6"]
[White "Knorr, Frank"]
[Black "Schilling, Horst"]
[Result "0-1"]
[WhiteElo "1085"]
[BlackElo "1164"]
[PlyCount "72"]
[EventDate "2020.01.02"]
[EventType "swiss"]
[EventRounds "7"]
[EventCountry "GER"]
[SourceTitle "EXT 2023"]
[Source "ChessBase"]
[SourceDate "2022.10.05"]
[SourceVersion "1"]
[SourceVersionDate "2022.10.05"]
[SourceQuality "1"]

1. Nf3 d5 2. d4 Nf6 3. e3 e6 4. c4 c5 5. Be2 dxc4 6. Qa4+ Nbd7 7. Qxc4 a6 8. 0-0 b5 9. Qc2 cxd4 10. Nxd4 Bb7 11. Nd2 Rc8 12. Qd1 g6 13. N2f3 Bg7 14. Bd3 0-0 15. Re1 Nc5 16. b3 Nxd3 17. Qxd3 Re8 18. Bb2 e5 19. Nxe5 Rxe5 20. Qe2 Rg5 21. Nf3 Rd5 22. e4 Rdc5 23. Rac1 Rxc1 24. Bxc1 Nxe4 25. a4 bxa4 26. bxa4 Bc3 27. Rd1 Qc7 28. Bb2 Bxb2 29. Qxb2 Nc3 30. Rc1 Ne2+ 31. Qxe2 Qxc1+ 32. Qf1 Qxf1+ 33. Kxf1 Bxf3 34. gxf3 Rc4 35. Ke2 Rc2+ 36. Ke3 Ra2 0-1

[Event "Niedersachsen-ch op-C"]
[Site "Verden an der Aller"]
[Date "2020.01.03"]
[Round "4"]
[White "Mill, Bernd"]
[Black "Schilling, Horst"]
[Result "1/2-1/2"]
[WhiteElo "1372"]
[BlackElo "1164"]
[PlyCount "61"]
[EventDate "2020.01.02"]
[EventType "swiss"]
[EventRounds "7"]
[EventCountry "GER"]
[SourceTitle "EXT 2023"]
[Source "ChessBase"]
[SourceDate "2022.10.05"]
[SourceVersion "1"]
[SourceVersionDate "2022.10.05"]
[SourceQuality "1"]

1. c4 e5 2. g3 d6 3. Bg2 Nd7 4. e4 Ngf6 5. d3 Be7 6. Nf3 0-0 7. 0-0 Rb8 8. Nc3 a6 9. b4 b6 10. Nd5 Re8 11. h4 Nxd5 12. cxd5 Bb7 13. Bh3 Nf8 14. Kg2 Bc8 15. Bxc8 Rxc8 16. Rh1 Qd7 17. h5 Qg4 18. h6 g6 19. Rh3 Nd7 20. Qh1 Nf8 21. Qh2 Qd7 22. Ng5 Qb5 23. g4 Qxb4 24. Rf3 Bxg5 25. Bxg5 Qb2 26. Rd1 Qxa2 27. Qh4 Qa3 28. Be7 Nd7 29. Rf1 b5 30. Rg3 b4 31. Kh3 1/2-1/2

[Event "Hannover Bezirk-ch D"]
[Site "Hannover"]
[Date "2018.10.04"]
[Round "1.1"]
[White "Flauss, Bastian"]
[Black "Schilling, Horst"]
[Result "1-0"]
[WhiteElo "993"]
[BlackElo "1270"]
[PlyCount "77"]
[EventDate "2018.10.04"]
[EventType "swiss"]
[EventRounds "7"]
[EventCountry "GER"]
[SourceTitle "EXT 2022"]
[Source "ChessBase"]
[SourceDate "2021.10.06"]
[SourceVersion "1"]
[SourceVersionDate "2021.10.06"]
[SourceQuality "1"]

1. e4 c6 2. Nc3 d5 3. d4 dxe4 4. Nxe4 Bf5 5. Ng3 Bg6 6. Nf3 Nd7 7. Bd3 Qa5+ 8. Bd2 Qd5 9. c4 Qe6+ 10. Be3 Bxd3 11. Qxd3 Qg6 12. Qb3 b6 13. 0-0 Nh6 14. Rac1 Nf5 15. Nxf5 Qxf5 16. Qc2 Qxc2 17. Rxc2 e6 18. c5 b5 19. b4 Be7 20. Ra1 Nf6 21. a4 Nd5 22. Bd2 0-0 23. axb5 cxb5 24. Rca2 Bf6 25. Rxa7 Rxa7 26. Rxa7 Ne7 27. Ra5 Nc6 28. Rxb5 Nxd4 29. Nxd4 Bxd4 30. Ra5 Rd8 31. g3 Bxf2+ 32. Kxf2 Rxd2+ 33. Ke3 Rd8 34. b5 Kf8 35. b6 Ke7 36. Ra3 Rd5 37. b7 Rd8 38. c6 Kd6 39. Rd3+ 1-0

[Event "Hannover Ihme Cup"]
[Site "Hannover"]
[Date "2016.05.22"]
[Round "4"]
[White "Schilling, Horst"]
[Black "Schomann, Michael"]
[Result "0-1"]
[WhiteElo "1151"]
[BlackElo "1663"]
[PlyCount "72"]
[EventDate "2016.05.20"]
[EventType "swiss"]
[EventRounds "5"]
[EventCountry "GER"]
[SourceTitle "CBM 189 Extra"]
[Source "ChessBase"]
[SourceDate "2019.06.03"]
[SourceVersion "1"]
[SourceVersionDate "2019.06.03"]
[SourceQuality "1"]

1. e4 c5 2. Nf3 d6 3. d4 cxd4 4. Nxd4 Nf6 5. Bd3 a6 6. 0-0 e5 7. Ne2 Be6 8. Bg5 Be7 9. Nd2 0-0 10. Ng3 Nc6 11. c3 Rc8 12. Nc4 b5 13. Nd2 h6 14. Be3 d5 15. Nb3 d4 16. cxd4 exd4 17. Bd2 Ne5 18. Ba5 Qd7 19. Nf5 Nxd3 20. Nxe7+ Qxe7 21. Qxd3 Bc4 22. Qd2 Bxf1 23. Bb4 Qxe4 24. f3 Qe3+ 25. Qxe3 dxe3 26. Bxf8 Kxf8 27. Kxf1 Rc2 28. Rb1 Nd5 29. Nd4 Rf2+ 30. Kg1 Nf4 31. g3 Nh3+ 32. Kh1 e2 33. Re1 Rf1+ 34. Kg2 Rxe1 35. Kxh3 Rb1 36. Nxe2 Rxb2 0-1

[Event "Hannover-chA"]
[Site "Lehrte"]
[Date "2013.10.19"]
[Round "5"]
[White "Lick, Helmut"]
[Black "Schilling, Horst"]
[Result "1-0"]
[WhiteElo "1424"]
[BlackElo "1197"]
[PlyCount "101"]
[EventDate "2013.10.17"]
[EventType "swiss"]
[EventRounds "7"]
[EventCountry "GER"]
[SourceTitle "EXT 2021"]
[Source "ChessBase"]
[SourceDate "2020.10.23"]
[SourceVersion "1"]
[SourceVersionDate "2020.10.23"]
[SourceQuality "1"]

1. d4 d5 2. c4 c6 3. Nf3 h6 4. e3 Bf5 5. Nc3 Nf6 6. Bd3 Bxd3 7. Qxd3 dxc4 8. Qxc4 e6 9. 0-0 Nbd7 10. b3 Rc8 11. Bb2 b5 12. Qe2 Bd6 13. Rfd1 0-0 14. e4 Bc7 15. Rac1 Bb6 16. Rc2 Qc7 17. Ba3 Rfe8 18. Nxb5 Qb8 19. Nd6 c5 20. Nxe8 Nxe8 21. dxc5 Bxc5 22. Bxc5 Rxc5 23. Rxc5 Nxc5 24. Qc4 Qb6 25. Rc1 Nb7 26. Qc6 Ned6 27. Qxb6 axb6 28. Nd2 e5 29. Rc6 b5 30. Rb6 Kf8 31. Kf1 Ke7 32. Rc6 Kd7 33. Rc1 Ke6 34. Ke2 f6 35. f3 f5 36. g3 fxe4 37. fxe4 g6 38. Kf3 Nd8 39. h4 N8f7 40. g4 g5 41. h5 Kd7 42. a4 bxa4 43. bxa4 Nd8 44. Nc4 N6f7 45. Nb6+ Kd6 46. Ke3 Nc6 47. Nc4+ Kc7 48. Na5 Nfd8 49. Nxc6 Nxc6 50. a5 Kb7 51. Rf1 1-0

[Event "Hannover-chA"]
[Site "Lehrte"]
[Date "2013.10.17"]
[Round "1"]
[White "Mumm, Karen"]
[Black "Schilling, Horst"]
[Result "1-0"]
[WhiteElo "1480"]
[BlackElo "1197"]
[PlyCount "105"]
[EventDate "2013.10.17"]
[EventType "swiss"]
[EventRounds "7"]
[EventCountry "GER"]
[SourceTitle "EXT 2021"]
[Source "ChessBase"]
[SourceDate "2020.10.23"]
[SourceVersion "1"]
[SourceVersionDate "2020.10.23"]
[SourceQuality "1"]

1. e4 e5 2. Nf3 Nc6 3. d4 exd4 4. Nxd4 d6 5. Nxc6 bxc6 6. Bd3 Nf6 7. 0-0 Be7 8. Nd2 Be6 9. Nf3 h6 10. h3 Rb8 11. b3 c5 12. c4 Nh7 13. Bb2 Bf6 14. e5 Be7 15. exd6 cxd6 16. Bxg7 Rg8 17. Bxh6 Bxh3 18. Ne1 Nf6 19. Qf3 Qd7 20. Bf4 Kd8 21. Bg3 Bg4 22. Qe3 Bf5 23. Bxf5 Qxf5 24. Rd1 Rb6 25. Nf3 Ne4 26. Nh4 Qh7 27. Rfe1 Bxh4 28. Bxh4+ Qxh4 29. Qxe4 Qxe4 30. Rxe4 Kd7 31. Rde1 Rb7 32. Re7+ Kc6 33. Rxb7 Kxb7 34. Re7+ Kb6 35. Rxf7 Rd8 36. Rf4 Ka5 37. a3 Kb6 38. f3 a5 39. a4 Re8 40. Kf2 Rh8 41. Rf6 Kc6 42. Re6 Rh1 43. Re1 Rh4 44. g4 Rh2+ 45. Kg3 Rb2 46. Re3 Rd2 47. f4 d5 48. Re6+ Kc7 49. Re5 Rd3+ 50. Kh4 dxc4 51. Rxc5+ Kb6 52. Rxc4 Rxb3 53. f5 1-0